Textbook of Applied Biochemistry for BSc. Nursing Students (Semester II) (Record no. 1723)

MARC details
000 -LEADER
Fixed length control field 00589nam a2200205 4500
003 - CONTROL NUMBER IDENTIFIER
Control field IIN
005 - DATE AND TIME OF LATEST TRANSACTION
Control field 20251103131811.0
008 - FIXED-LENGTH DATA ELEMENTS--GENERAL INFORMATION
Fixed length control field 250402b |||adf|| |||| 001 0 eng d
020 ## - INTERNATIONAL STANDARD BOOK NUMBER / ISBN
International Standard Book Number 9789392242120
Price Rs.475.00
040 ## - CATALOGING SOURCE
Original cataloging agency IIN
082 ## - DEWEY DECIMAL CLASSIFICATION NUMBER
Classification number 572.3
Book Number KAU
100 ## - MAIN ENTRY--PERSONAL NAME
Personal name Kaur, Amandeep
245 ## - TITLE STATEMENT
Title Textbook of Applied Biochemistry for BSc. Nursing Students (Semester II)
Statement of responsibility Amandeep Kaur
260 ## - IMPRINT
Place of publication Punjab
Name of publisher VHS
Date of publication 2023
300 ## - PHYSICAL DESCRIPTION
Page / Vol. No 220 p.
Other physical details col. ill.
500 ## - GENERAL NOTE
General note Includes Index
650 ## - SUBJECT ADDED ENTRY--TOPICAL TERM
Topical term Biochemistry
General subdivision Applied Biochemistry
856 ## - ELECTRONIC LOCATION AND ACCESS
Uniform Resource Identifier www.visionbookpublisher.com
942 ## - ADDED ENTRY ELEMENTS (KOHA)
Koha item type Books
Holdings
Withdrawn status Lost status Source of classification Damaged status Not for loan Collection code Home library Current library Shelving location Date acquired Price Total Checkouts Call number Accession number Date last seen Price effective from Koha item type
    Dewey Decimal Classification     Purches Book IDEAL INSTITUTE OF NURSING IDEAL INSTITUTE OF NURSING General Stacks 11/03/2025 475.00   572.3 KAU 1763 02/04/2025   Books
© Ideal Institute Of Nursing, All rights reserved.         Powered by Koha